| 000 | 00000nam 2200000zi 4500 |
| 001 | 9.936158 |
| 003 | CaOODSP |
| 005 | 20240503143004 |
| 006 | m o d f |
| 007 | cr cn||||||||| |
| 008 | 240328t20242024oncao o f000 0 ara d |
| 020 | |a9780660710907 |
| 040 | |aCaOODSP|beng|erda|cCaOODSP |
| 043 | |an-cn--- |
| 086 | 1 |aCi34-7/9-2021Ara-PDF |
| 245 | 00|a[Welcome to Canada] : |b[post-secondary education in Canada]. |
| 264 | 1|a[Ottawa] : |bImmigration, Refugees and Citizenship Canada = Immigration, Réfugiés et Citoyenneté Canada, |c[2024] |
| 264 | 4|c©2024 |
| 300 | |a1 online resource (2 unnumbered pages) : |billustrations, photographs |
| 336 | |atext|btxt|2rdacontent |
| 337 | |acomputer|bc|2rdamedia |
| 338 | |aonline resource|bcr|2rdacarrier |
| 500 | |aCaption title. |
| 500 | |aIssued also in English under title: Welcome to Canada : post-secondary education in Canada. |
| 546 | |aText in Arabic. |
| 650 | 0|aPostsecondary education|zCanada. |
| 650 | 0|aImmigrants|zCanada. |
| 710 | 1 |aCanada. |bImmigration, Refugees and Citizenship Canada, |eissuing body. |
| 775 | 08|tWelcome to Canada : |w(CaOODSP)9.904633 |
| 792 | |t[Bienvenue au Canada] : |efre|w(CaOODSP)9.937190 |
| 856 | 40|qPDF|s1.43 MB|uhttps://publications.gc.ca/collections/collection_2024/ircc/Ci34-7-9-2021-ara.pdf |
| 986 | |a2860-04-2024 |